000 00847cad a22002055a 4500
001 L149892
008 100512e20100324xxk 000 0 eng d
035 _a(Sirsi) u149892
041 0 _aeng
110 2 _aRoyal Institution of Chartered Surveyors
_bValuation Professional Group
_95719
245 0 0 _aRICS valuer registration scheme update
_h[electronic resource]
260 _c2010
490 _aRICS Feature
_v5 May 2010
520 _aUpdates members on the introduction of a regulatory monitoring scheme for RICS members carrying out valuations under the RICS Valuation Standards (Red Book).
590 _aKA
651 4 _aUnited Kingdom
_y
690 _aPROPERTY-PROPERTY APPRAISAL AND VALUATION
856 4 0 _uhttps://www.rics.org/site/scripts/news_article.aspx?newsID=1408
_zView the article free of charge at www.rics.org...
942 _n0
999 _c82313
_d82313